000
00202nam a22000977a 4500
003
OSt
008
210116b ||||| |||| 00| 0 eng d
100
_a
Paaran, M. R
_9
4882
245
_a
Wreathe
942
_c
BK
999
_c
16617
_d
16617